01260nam a2200265Ia 4500003000900000008004100009020001800050040001600068080002200084111009500106245022900201260006100430300001600491490003400507650005000541650003600591650005800627650004100685700003100726700002900757710004600786942000700832999001700839952013800856IN-BaIIA211028s9999 xx 000 0 eng d a1-58381-215-6 cIIA Library a082.2:52bASP-347 aConference on Astronomical Data Analysis Software and SystemscUSAd2004 Oct. 24-27930800 0aAstronomical data analysis software and systemsbXIV, proceedings of a conference held in California, USA, 24-27 Oct 2004cedited by P. L. Shopbell, M. C. Britton and Rick Ebert  aSan FranciscobAstronomical Society of the Pacificc2005 axxxv, 709p. aASP conference series; v. 347 aAstronomy - computer network resources930801 aData mining - congresses930802 aImaging systems in astronomy - data processing925293 aRetrieval system - congresses930803 aBritton, M. C., ed.930804 aEbert, Rick., ed.930805 aAstronomical Society of the Pacific91154 cBK c16574d16574 00104070aBANbBANcGENd2007-08-17eASP g3107.72l0o082.2:52/ ASP-347p17496r2021-11-05v3107.72w2007-08-17yBKGRs. 3107.72